| 000 | 00000nas 2200000zi 4500 |
| 001 | 9.502983 |
| 003 | CaOODSP |
| 005 | 20251128094914 |
| 006 | m g d f |
| 007 | cr ||||||||||| |
| 008 | 150406c20109999picar p o f0 b0fre|d |
| 022 | |a2369-0682 |
| 040 | |aCaOODSP|bfre|erda|cCaOODSP |
| 043 | |an-cn--- |
| 086 | 1 |aV96-1F-PDF |
| 110 | 1 |aCanada. |bTribunal des anciens combattants (révision et appel) |
| 222 | 0|aRapport sur la mise en application de la Loi sur l'accès à l'information |
| 245 | 10|aRapport sur la mise en application de la Loi sur l'accès à l'information. |
| 246 | 3 |iCertains livraisons comportent le titre : |aRapport ... sur l'administration de la Loi sur l'accès à l'information |
| 246 | 3 |iCertains livraisons comportent le titre : |aRapport annuel sur l'administration de la Loi sur l'accès à l'information … |
| 246 | 3 |iCertains livraisons comportent le titre : |aRapport annuel, administration de la Loi sur l'accès à l'information … |
| 264 | 1|a[Charlottetown, Île-du-Prince-Édouard] : |bVeterans Review and Appeal Board = Tribunal des anciens combattants Canada |
| 310 | |aAnnuel |
| 336 | |atexte|btxt|2rdacontent/fre |
| 337 | |ainformatique|bc|2rdamedia/fre |
| 338 | |aressource en ligne|bcr|2rdacarrier/fre |
| 362 | 1 |aParaît depuis : du 1er avril 2009 au 31 mars 2010. |
| 500 | |aPublié aussi en anglais sous le titre : Report on the administration of the Access to Information Act. |
| 588 | |aDescription d'après : du 1er avril 2009 au 31 mars 2010. |
| 588 | |aDernière livraison consultée : 2017-2018. |
| 691 | 07|aAccès à l'information|2gcpds |
| 775 | 08|tReport on the administration of the Access to Information Act.|w(CaOODSP)9.506582 |